Najstarsze miasta w Polsce - Statystyki

Ogólne statystyki
  • Ten quiz został rozwiązany 565 razy
    60 od ostatniego zresetowania
  • Średni wynik to 11 z 43
Statystyki odpowiedzi
Rok nadania praw miejskich Nazwa miasta % Poprawnych
1257 Biecz, Kraków, Gorzów Wielkopolski, Pobiedziska, Pyzdry, Wodzisław Śląski
91%
1253 Bochnia, Głogów, Kluczbork, Oleśnica, Poznań, Śrem, Przyłęk, Ziębice, Żmigród
87%
1243 Gniezno, Stargard, Szczecin
87%
1226 Wrocław
75%
1233 Chełmno, Kwidzyń, Nowogrodziec, Toruń
66%
1217 Lwówek Śląski, Opole, Racibórz
62%
przed 1255 Legnica
57%
1237 Płock
53%
ok. 1211 Złotoryja
51%
1250 Brzeg, Brześć Kujawski, Grodków, Lewin Brzeski, Trzebnica
45%
1223 Cieszyn, Nysa, Środa Śląska, Ujazd
40%
przed 1243 Sandomierz
40%
1260 Dąbie, Police, Pyskowice, Szprotawa, Tczew, Żary, Żagań
38%
1237/1238 Inowrocław
34%
1255 Kłecko, Warta, Włocławek
34%
1255 Chojna, Kołobrzeg
32%
1246 Elbląg
26%
1251 Bolesławiec, Chełmża, Kostrzyn
25%
1247 - 1255 Sieradz
25%
1254 Braniewo, Bytom, Gryfno, Paczków
23%
1234 Oława
21%
1239 Dobrzyń nad Wisłą, Iłża
17%
1225 Biała
11%
1249 Lubiąż, Namysłów
11%
1242 Strzegom
9%
1259 Ścinawa
8%
przed 1232 Głuchołazy
6%
1221 Sobótka
6%
1244 Kłobuck, Stulęcin
4%
1231 Strzelno
4%
przed 1228 Świebodzice
4%
przed 1261 Wleń
4%
1235 Gubin
2%
przed 1226 Krosno Odrzańskie
2%
1217 Leśnica
2%
przed 1248 Międzyrzecz
2%
1253 - 1255 Zawidów
2%
przed 1234 Banie
0%
1252 Cerekwica, Radziejów, Wiązów, Zawonia
0%
1245 Człopa, Milcz
0%
1241 - 1244 Koziniec
0%
1234 - 1239 Radzyń Chełmiński
0%
przed 1231 Śródka
0%
Nie znaleziono quizów pasujących do podanych kryteriów
Rozkład punktacji
Procent ludzi z każdym wynikiem
Percentyl według liczby udzielonych odpowiedzi
Twoja historia wyników
Nie rozwiązałeś tego quizu od ostatniego zresetowania